| 000 | 00341nam a22001337a 4500 | ||
|---|---|---|---|
| 008 | 250304b |||||||| |||| 00| 0 eng d | ||
| 020 | _a0933595565 | ||
| 050 |
_aHD2117 _b.I77 |
||
| 100 | _aCAROL, Olson | ||
| 245 | _aIssues in African Rural Development | ||
| 260 |
_aUniversity of Ibadan _bAnthony Ikpi _c1991 |
||
| 300 | _a531p. | ||
| 942 | _cBK | ||
| 999 |
_c2060 _d2060 |
||